Statistics for My 750th Quiz

Click here to take the quiz!

General Stats

  • This quiz has been taken 8 times
  • The average score is 3 of 15

Answer Stats

QuestionAnswer% Correct
What is 750 in Roman numerals ?DCCL
57%
Approximately how many Chicken McNuggets make up 750 calories ?18
43%
Which city celebrated it's 750th anniversary in 1987 ?Berlin
43%
Which capital city is a little over 750 miles from Mexico City ?San Salvador
43%
Which capital city is approximately 750 km from London ?Bern
29%
The 750th episode of Dr.Who featured which actor in the title role ?David Tennant
29%
Which motorcycle manufacturer makes the Street 750 bike ?Harley Davidson
29%
Lake Ladoga is thought to be 750 feet deep. In which country is Lake Ladoga ?Russia
29%
750 Burrard Street has been home to a library, virgin megastore, Planet Hollywood, a TV and radio studios, Newspaper offices, and a Victoria's Secret store in which Canadian city ?Vancouver
29%
750 Fahrenheit is just under which figure in Celsius ?400
0%
Which US cycling and hiking trail is 750 miles long ?{Empire} State Trail
0%
750mm gauge rail lines measure 2ft and how many inches ?Five and half
0%
The worlds longest running 2 seater sports car racing series is known as the 750..what?Formula
0%
Discovered in 1913 what is "750 Oskar" ?Minor Planet
0%
Which London landmark celebrated it's 750th year on 15 October 2019 ?Westminster Abbey
0%

Score Distribution

Percentile by Number Answered

Percent of People with Each Score

Your Score History

You have not taken this quiz